000 00710nam a2200205Ia 4500
003 GCL
008 140319s9999 xx 000 0 ara d
040 _aGCL /
_cGCL
082 0 4 _a812.008
_bا ا
100 1 _aالفريد فرج
245 1 0 _aاغنياء فقراء طرفاء, الحب لعبة, الغريب /
_cالفريد فرج
260 _a[S.N] :
_bالهيئة المصرية العامة للكتاب ،
_c1989
300 _a301 ص
490 _aمؤلفات الفريد فرج
_v0
650 0 4 _aالادب العربى
650 0 4 _aالمسرحيات المصرية
650 0 4 _aالمسرحيات الكوميدية
650 0 4 _aالمسرحيات العربية
942 _2ddc
_cBK
999 _c29686
_d29686